Normale Ansicht MARC-Ansicht ISBD

13 Millionen Euro für neues Industriegebiet an der A12 (Titelsatznr. 372769)

[ MARC ]
MARC-Details
000 -Satzkennung
Kontrollfeld mit fester Länge 00665nab a2200193 4500
001 - Kontrollnummer
Kontrollfeld 244442
003 - Kontrollnummer Identifier
Kontrollfeld OSt
005 - Datum und Zeit der letzten Transaktion
Kontrollfeld 20231017122339.0
007 - Feld mit fester Länge zur physischen Beschreibung - Allgemeine Information
Kontrollfeld mit fester Länge tu
008 - Feld mit fester Länge zur physischen Beschreibung - Allgemeine Angaben
Kontrollfeld mit fester Länge 200917s2020|||||||
040 ## - Katalogisierungsquelle
Original-Katalogisierungsstelle DE-2950
Übertragungsstelle DE-2950
245 00 - Titel
Titel 13 Millionen Euro für neues Industriegebiet an der A12
Zusatz zum Titel Investition. Die Wirtschaft in Brandenburg wächst und auch Frankfurt will profitieren. Jetzt bekommt die Stadt eine Millionensumme vom Land/
Verfasserangabe etc. Thomas Gutke
264 ## - Produktion, Veröffentlichung, Distribution, Herstellung und Urheberrechtsvermerk
Datum der Herstellung, der Veröffentlichung, des Vertriebs oder des Urheberschutzvermerks 2023
653 ## - Indexierungsterm - Nicht normiert
Nicht-normierter Term Frankfurt (Oder)
653 ## - Indexierungsterm - Nicht normiert
Nicht-normierter Term Wirtschaft
653 ## - Indexierungsterm - Nicht normiert
Nicht-normierter Term Industriegebiet
773 0# - Übergeordnete Einheit
Verknüpfungsangaben 34. Jahrgang (2023) Nr. 239 vom 13.10.2023, S. 13, mit Foto
Titel Märkische Oderzeitung
942 ## - Zusätzliche Felder (Koha)
Klassifikation oder Aufstellungssystematik Andere/Generische Klassifikation
Koha-Medientyp Aufsätze
Exemplare
Ausgeschieden Verloren Klassifikation oder Aufstellungssystematik Beschädigt Nicht entleihbar Heimatbibliothek Aufenthaltsbibliothek Aufstellungsort Erwerbungsdatum Anzahl Ausleihen Signatur Letzte Aktivität Preis gültig von Koha-Medientyp
    Andere/Generische Klassifikation     Stadtarchiv Frankfurt (Oder) | Archivbibliothek Stadtarchiv Frankfurt (Oder) | Archivbibliothek Magazin 17/10/2023   Z2 17/10/2023 17/10/2023 Aufsätze